=LDR 00000nam 2200000 4500 =001 NUTBA000000000000864 =005 20210216093016 =035 ##$$a 0010-041400000000134 =008 210216################g##########0#ind## =020 ##$$a 978-979-769-389-3 =082 ##$$a 375 =090 ##$$a 375 Rak p =100 #$$a Rakhmat Hidayat =245 1#$$a Pengantar Sosiologi Kurikulum /$c Rakhmat Hidayat =250 ##$$a Ed. I =260 ##$$a Jakarta :$b Rajawali,$c 2011 =300 ##$$a xxxii, 262 hlm : $b ilus ; $c 21x14 cm =084 ##$$a 375 RAK p =650 #4$$a Kurikulum =520 ##$$a Bibliografi: hlm, 225 =990 ##$$a 21303351 =990 ##$$a 21303352 =990 ##$$a 21303353 =990 ##$$a 21303350 =990 ##$$a 21303349 =990 ##$$a 21303349 =990 ##$$a 21303351 =990 ##$$a 21303352 =990 ##$$a 21303353 =990 ##$$a 21303350